000 00540nam a2200121Ia 4500
008 220615s9999||||xx |||||||||||||| ||und||
100 _aPajorová, Eva||Hluchý, Ladislav
245 0 _aChapter Visualization the Natural Disasters Simulations Results Based on Grid and Cloud Computing
546 _aEnglish[eng]
650 _aEarth sciences, geography, environment, planning
856 _uhttps://library.oapen.org/bitstream/20.500.12657/49010/1/35696.pdf||https://library.oapen.org/bitstream/20.500.12657/49010/1/35696.pdf
942 _cEB
999 _c18419
_d18419